<?xml version="1.0" encoding="UTF-8"?>
<record
    xmlns:xsi="http://www.w3.org/2001/XMLSchema-instance"
    xsi:schemaLocation="http://www.loc.gov/MARC21/slim http://www.loc.gov/standards/marcxml/schema/MARC21slim.xsd"
    xmlns="http://www.loc.gov/MARC21/slim">

  <leader>01562    a2200289   4500</leader>
  <controlfield tag="003">NALT</controlfield>
  <controlfield tag="005">20251226112319.0</controlfield>
  <controlfield tag="008">210325b        th ||||| |||| 00| 0 tha d</controlfield>
  <datafield tag="020" ind1=" " ind2=" ">
    <subfield code="a">9786163016942</subfield>
  </datafield>
  <datafield tag="040" ind1=" " ind2=" ">
    <subfield code="a">NALT</subfield>
  </datafield>
  <datafield tag="041" ind1="1" ind2=" ">
    <subfield code="a">tha</subfield>
    <subfield code="h">eng</subfield>
  </datafield>
  <datafield tag="050" ind1=" " ind2=" ">
    <subfield code="a">CB 428</subfield>
    <subfield code="b">&#xE2E;865&#xE2E; 2562</subfield>
  </datafield>
  <datafield tag="100" ind1="1" ind2=" ">
    <subfield code="a">&#xE41;&#xE2E;&#xE23;&#xE32;&#xE23;&#xE35;, &#xE22;&#xE39;&#xE27;&#xE31;&#xE25; &#xE42;&#xE19;&#xE2D;&#xE32;&#xE2B;&#xE4C;.</subfield>
    <subfield code="9">41410</subfield>
  </datafield>
  <datafield tag="245" ind1="1" ind2="0">
    <subfield code="a">&#xE42;&#xE2E;&#xE42;&#xE21;&#xE14;&#xE35;&#xE2D;&#xE38;&#xE2A; : &#xE1B;&#xE23;&#xE30;&#xE27;&#xE31;&#xE15;&#xE34;&#xE22;&#xE48;&#xE2D;&#xE02;&#xE2D;&#xE07;&#xE27;&#xE31;&#xE19;&#xE1E;&#xE23;&#xE38;&#xE48;&#xE07;&#xE19;&#xE35;&#xE49; =</subfield>
    <subfield code="b">Homo Deus : a brief history of tomorrow / </subfield>
    <subfield code="c">&#xE22;&#xE39;&#xE27;&#xE31;&#xE25; &#xE42;&#xE19;&#xE2D;&#xE32;&#xE2B;&#xE4C; &#xE41;&#xE2E;&#xE23;&#xE32;&#xE23;&#xE35;, &#xE40;&#xE02;&#xE35;&#xE22;&#xE19; ; &#xE19;&#xE33;&#xE0A;&#xE31;&#xE22; &#xE0A;&#xE35;&#xE27;&#xE27;&#xE34;&#xE27;&#xE23;&#xE23;&#xE18;&#xE19;&#xE4C;, &#xE18;&#xE34;&#xE14;&#xE32; &#xE08;&#xE07;&#xE19;&#xE32;&#xE21;&#xE31;&#xE22;&#xE2A;&#xE16;&#xE34;&#xE15;, &#xE41;&#xE1B;&#xE25;.</subfield>
  </datafield>
  <datafield tag="246" ind1="3" ind2="1">
    <subfield code="a">Homo Deus : </subfield>
    <subfield code="b">a brief history of tomorrow</subfield>
  </datafield>
  <datafield tag="260" ind1=" " ind2=" ">
    <subfield code="b">&#xE01;&#xE23;&#xE38;&#xE07;&#xE40;&#xE17;&#xE1E;&#xE2F; : </subfield>
    <subfield code="a">&#xE22;&#xE34;&#xE1B;&#xE0B;&#xE35; &#xE01;&#xE23;&#xE38;&#xE4A;&#xE1B;, </subfield>
    <subfield code="c">2562.</subfield>
  </datafield>
  <datafield tag="300" ind1=" " ind2=" ">
    <subfield code="a">572 &#xE2B;&#xE19;&#xE49;&#xE32; : </subfield>
    <subfield code="b">&#xE20;&#xE32;&#xE1E;&#xE1B;&#xE23;&#xE30;&#xE01;&#xE2D;&#xE1A; ;</subfield>
    <subfield code="c">23 &#xE0B;&#xE21;.</subfield>
  </datafield>
  <datafield tag="650" ind1=" " ind2="4">
    <subfield code="9">47590</subfield>
    <subfield code="a">&#xE2D;&#xE32;&#xE23;&#xE22;&#xE18;&#xE23;&#xE23;&#xE21;&#xE2A;&#xE21;&#xE31;&#xE22;&#xE43;&#xE2B;&#xE21;&#xE48;</subfield>
  </datafield>
  <datafield tag="650" ind1=" " ind2="4">
    <subfield code="9">54091</subfield>
    <subfield code="a">&#xE27;&#xE34;&#xE17;&#xE22;&#xE32;&#xE28;&#xE32;&#xE2A;&#xE15;&#xE23;&#xE4C;&#xE01;&#xE31;&#xE1A;&#xE2D;&#xE32;&#xE23;&#xE22;&#xE18;&#xE23;&#xE23;&#xE21;</subfield>
  </datafield>
  <datafield tag="650" ind1=" " ind2="4">
    <subfield code="9">54093</subfield>
    <subfield code="a">&#xE04;&#xE23;&#xE34;&#xE2A;&#xE15;&#xE4C;&#xE28;&#xE15;&#xE27;&#xE23;&#xE23;&#xE29;&#xE17;&#xE35;&#xE48; 21</subfield>
  </datafield>
  <datafield tag="700" ind1="1" ind2=" ">
    <subfield code="a">Harari, Yuval Noah.</subfield>
    <subfield code="9">41412</subfield>
  </datafield>
  <datafield tag="700" ind1="0" ind2=" ">
    <subfield code="a">&#xE19;&#xE33;&#xE0A;&#xE31;&#xE22; &#xE0A;&#xE35;&#xE27;&#xE27;&#xE34;&#xE27;&#xE23;&#xE23;&#xE18;&#xE19;&#xE4C;.</subfield>
    <subfield code="9">33609</subfield>
  </datafield>
  <datafield tag="700" ind1="0" ind2=" ">
    <subfield code="a">&#xE18;&#xE34;&#xE14;&#xE32; &#xE08;&#xE07;&#xE19;&#xE34;&#xE23;&#xE32;&#xE21;&#xE31;&#xE22;&#xE2A;&#xE16;&#xE34;&#xE15;. </subfield>
    <subfield code="9">41413</subfield>
  </datafield>
  <datafield tag="850" ind1=" " ind2=" ">
    <subfield code="a">NALT</subfield>
  </datafield>
  <datafield tag="942" ind1=" " ind2=" ">
    <subfield code="2">lcc</subfield>
    <subfield code="c">GB</subfield>
  </datafield>
  <datafield tag="998" ind1=" " ind2=" ">
    <subfield code="a">phon</subfield>
    <subfield code="b">phon</subfield>
    <subfield code="c">phon</subfield>
    <subfield code="j">1020</subfield>
    <subfield code="k"> &#xE19;&#xE32;&#xE07;&#xE08;&#xE33;&#xE40;&#xE23;&#xE35;&#xE22;&#xE07;  &#xE23;&#xE30;&#xE27;&#xE31;&#xE07;&#xE2A;&#xE33;&#xE42;&#xE23;&#xE07;</subfield>
  </datafield>
  <datafield tag="999" ind1=" " ind2=" ">
    <subfield code="c">98133</subfield>
    <subfield code="d">98133</subfield>
  </datafield>
  <datafield tag="952" ind1=" " ind2=" ">
    <subfield code="0">0</subfield>
    <subfield code="1">0</subfield>
    <subfield code="2">lcc</subfield>
    <subfield code="4">0</subfield>
    <subfield code="7">0</subfield>
    <subfield code="8">CGBL</subfield>
    <subfield code="a">NALT</subfield>
    <subfield code="b">NALT</subfield>
    <subfield code="c">GEN</subfield>
    <subfield code="d">2021-04-05</subfield>
    <subfield code="e">1</subfield>
    <subfield code="l">7</subfield>
    <subfield code="m">6</subfield>
    <subfield code="o">CB 428 &#xE2E;865&#xE2E; 2562</subfield>
    <subfield code="p">3961211911</subfield>
    <subfield code="r">2024-09-12 00:00:00</subfield>
    <subfield code="s">2024-08-29</subfield>
    <subfield code="w">2021-04-05</subfield>
    <subfield code="y">GB</subfield>
  </datafield>
</record>
